| 000 | 00815cam a22002055a 4500 | ||
|---|---|---|---|
| 001 | ##J100728 | ||
| 008 | 000000s1910 000 0 eng u | ||
| 035 | _a(Sirsi) u100728 | ||
| 041 | 0 | _aeng | |
| 050 | 0 | 4 | _a336.22 $2 2 |
| 100 | 1 | _aNapier, T. B. | |
| 245 | 0 | 4 |
_aThe Finance (1909-10) Act, 1910 _bland taxation clauses _ba course of five lectures |
| 260 |
_aLondon _bAuctioneers' Institute of the United Kingdom _c1910 |
||
| 300 |
_a78p. _c21cm. |
||
| 520 | _aFive lectures on the land taxation clauses of the Finance (1909-10) Act was delivered to the members of the institute on the Wednesday afternoons of 15 June, 22 June, 29 June, 6 July, and 13 July, 1910. | ||
| 651 | 4 |
_aUnited Kingdom _y |
|
| 690 | _aFinance and taxation | ||
| 710 | 2 |
_aAuctioneers' Institute of the United Kingdom _93785 |
|
| 942 | _n0 | ||
| 999 |
_c99782 _d99782 |
||